Abed's Batman Monologue Quiz Stats

 Plays Quiz not verified by Sporcle

Also try: Howdy, Neighbor!
Challenge
Share
Tweet
Embed
Score 0/91 Timer 07:00
0 Plays Today
% Correct
I
95.9%
I
95.9%
I
95.9%
I
95.9%
I
95.9%
I
95.9%
I
95.9%
I?
95.9%
I
95.9%
a
92.5%
a
92.5%
a
92.5%
bat.
92.3%
Batman.
89.8%
Batman.
89.8%
Am
87.3%
am
87.3%
am
87.3%
am
87.3%
the
84.8%
the
84.8%
no
74.4%
No,
74.4%
No.
74.4%
night,
70.1%
night,
70.1%
be
69.2%
be
69.2%
be
69.2%
in
66.9%
in
66.9%
% Correct
there
66%
can
66%
there
66%
there.
66%
there
66%
there
66%
there.
66%
Yes,
63.9%
I'm
63.7%
I'm
63.7%
I'm
63.7%
I'm
63.7%
I'm
63.7%
I'm
63.7%
is
63.3%
If
60.5%
You
58.7%
party.
56.7%
party
56.7%
Or
56.5%
to
54.2%
and
51.2%
sleep.
51.2%
sleep.
51.2%
sleep.
51.2%
can't
50.8%
must
50.6%
stay,
49.9%
out
49.7%
out
49.7%
don't
49.2%
% Correct
don't
49.2%
not
48.1%
are
45.4%
Wherever
45.1%
Wherever
45.1%
Wherever
45.1%
Watching.
43.1%
vigilant.
39.9%
vigilant.
39.9%
needs
39%
But
37.9%
Halloween.
36.7%
Happy
36.5%
saved,
35.4%
awake.
34.9%
bird?
34.9%
staying
34.2%
staying
34.2%
Sleeping.
34%
joy,
29%
Jumping.
28.3%
blink.
27.7%
Running.
26.8%
tomfoolery
26.1%
'cause
24.7%
sometimes
21.1%
Hurdling.
20%
masks.
19.5%
Lurking.
19.3%

You're not logged in!

Compare scores with friends on all Sporcle quizzes.
Join for Free
OR
Log In

You Might Also Like...

Show Comments

Extras

Top Quizzes Today


Score Distribution

Your Account Isn't Verified!

In order to create a playlist on Sporcle, you need to verify the email address you used during registration. Go to your Sporcle Settings to finish the process.

Report this User

Report this user for behavior that violates our Community Guidelines.

Details: